Qui fait partie de Sexion d'Assaut & Wati B? - Statistiques

Statistiques générales
  • Ce quiz a été pris 48 fois
  • Le résultat moyen est 5 sur 13
Statistiques - réponses
Nom du rappeur Groupe fix % Correct
1 Maître Gims Sexion d'assaut & Wati B
100%
8 Black M Sexion d'assaut & Wati B
96%
3 Lefa Sexion d'assaut & Wati B
84%
4 Maska Sexion d'assaut & Wati B
71%
6 JR O Crom Sexion d'assaut & Wati B
51%
2 Barack Adama Sexion d'assaut & Wati B
47%
5 Doomams Sexion d'assaut & Wati B
38%
9 The Shin Sekaï (Dadju et Abou Tall) Sexion d'assaut & Wati B
24%
7 Pétrodollars Sexion d'assaut & Wati B
20%
10 Lynda Wati B
9%
13 DJEFFI (4keus) Wati B
0%
12 HK (4keus) Wati B
0%
11 Tiakola (4Keus) Wati B
0%
Aucun quiz correspondant
Distribution des résultats
% des personnes avec chaque résultat
Percentile par nombre de réponses
Votre historique - résultats
Vous n’avez pas pris ce quiz